Điều chế chitin/chitosan từ vỏ tôm và nghiên cứu ứng dụng của màng chitosan trong bảo quản táo ta

Điều chế chitin/chitosan từ vỏ tôm. Nghiên cứu ứng dụng của màng chitosan trong bảo quản táo ta.

Uloženo v:
Podrobná bibliografie
Hlavní autor: Chế Thị Phương Thảo
Další autoři: Trần Mạnh Lục T.S (Hướng dẫn)
Médium: Kniha
Vydáno: Đà Nẵng Đại học Sư phạm, Đại học Đà Nẵng 2012
Témata:
Tagy: Přidat tag
Žádné tagy, Buďte první, kdo otaguje tento záznam!
Thư viện lưu trữ: Mạng thư viện Đại học Đà Nẵng
LEADER 01803nam a2200337 4500
001 000017612
003 14031
005 20130503090531.0
008 130503s2012 sd
082 |a 664.9498  |b CH-T 
100 1 |a Chế Thị Phương Thảo 
245 |a Điều chế chitin/chitosan từ vỏ tôm và nghiên cứu ứng dụng của màng chitosan trong bảo quản táo ta  |c Chế Thị Phương Thảo ; Trần Mạnh Lục hướng dẫn  |k Khóa luận tốt nghiệp 
260 |a Đà Nẵng  |b Đại học Sư phạm, Đại học Đà Nẵng  |c 2012 
300 |a 51 tr.  |b Hình mh.  |c 29 cm.  |e Đĩa CD, bản tóm tắt 
500 |a Khóa luận tốt nghiệp đại học. Chuyên ngành: Sư phạm Hóa 
504 |a Mục lục đầu trang, tài liệu tham khảo tr. 73 - 74, phụ lục [13 tr.] 
520 |a Điều chế chitin/chitosan từ vỏ tôm. Nghiên cứu ứng dụng của màng chitosan trong bảo quản táo ta. 
600 1 4 |b Vua  |c Đinh Tiên Hoàng 
650 0 4 |a Chitin/chitosan  |v Khóa luận tốt nghiệp  |x Ứng dụng của màng Chitosan  |x Vỏ tôm  |x Điều chế 
653 |a Khoa Hóa học  |a Ứng dụng của màng Chitosan trong bảo quản táo ta  |a Điều chế từ vỏ tôm  |a Chitin/chitosan 
700 |a Trần Mạnh Lục  |c T.S  |e Hướng dẫn 
OWN |a LSP 
AVA |a UDN50  |b LSP  |d 664.9498 CH-T  |e available  |t Error 5001 Not defined in file expand_doc_bib_avail.  |f 1  |g 0  |h N  |i 0  |k 1 
999 |a From the UDN01 
AVA |a UDN50  |b LSP  |d 664.9498 CH-T  |e available  |t Error 5001 Not defined in file expand_doc_bib_avail.  |f 1  |g 0  |h N  |i 0  |k 1 
TYP |a Monograph 
TYP |a Printed language 
980 |a Mạng thư viện Đại học Đà Nẵng